000 00934cam a22003137a 4500
003 CHAP
005 20220329142624.0
008 020521d1996 mx r 00110 spa d
010 _a85744
011 _a86716
020 _a9684098774
035 _a97256
040 _cCHAP
082 0 4 _a305.4
_bL3
100 0 0 _aLanger, Ana
_eed.
_964743
245 1 0 _aMujer :
_bsexualidad y salud reproductiva en México
_c/ed. por Ana Langer y Kathryn Tolbert
260 _aMéxico, D.F. ;
_bEDAMEX,
_c1996.
300 _a415 p.
590 _aBATCH-UPD
_b10
_c20130110
_lUCH01
_h0516
590 _aCONVERSION
_b10
_c20130109
_lUCH01
_h1348
650 1 4 _aMujer.
_979312
650 1 4 _aSexualidad humana.
_9105427
650 1 4 _aSIDA (Enfermedad)
_9105806
700 0 0 _aTolbert, Kathryn
_eed.
_9113604
901 _aBK
905 _aMayto Villalobos S.
942 _cLIBRO
949 _a305.4 L3
_bBC
_cLIBRO
_d33724000851226
_eLIBRO
_h102413
_i97256
_si
999 _c85744
_d85744